| 000 | 00491nam a22001817a 4500 | ||
|---|---|---|---|
| 005 | 20231208132058.0 | ||
| 008 | 231208b |||||||| |||| 00| 0 eng d | ||
| 020 | _a978-969-2262-06-4 | ||
| 082 |
_a954 _bIKR |
||
| 100 | _aIkram, Sehgal | ||
| 245 |
_aA personal chronicle of Pakistan 2007-2009: _bThe gathering Gloom, _cIkram, Sehgal |
||
| 260 |
_aPakistan _bPathfinder Group _c2021 |
||
| 300 | _a526 | ||
| 490 | _v7 | ||
| 500 | _aSet of 12 Volumes. | ||
| 650 | _aLiterature | ||
| 999 |
_c34877 _d34877 |
||